Do ČR míří nový online broker
Český finančný trh obohatí nový poskytovateľ online obchodov s menovými derivátmi, spoločnosť Interbank FX z USA. Obchodovanie s cudzími menami. Expanzia mimo USA. Obchodovanie v reálnom čase. Finančné prostriedky a klienti devízových trhov.
Gespeichert in:
| 1. Verfasser: | |
|---|---|
| Format: | Buchkapitel |
| Sprache: | Tschechisch |
| Schlagworte: | |
| Tags: |
Keine Tags, Fügen Sie das erste Tag hinzu!
|
MARC
| LEADER | 00000naa a2200000 4500 | ||
|---|---|---|---|
| 001 | 0121312 | ||
| 005 | 20231129093557.8 | ||
| 041 | 0 | |a cze | |
| 044 | |a CZ | ||
| 245 | 1 | 0 | |a Do ČR míří nový online broker |c Pavel Čurda |
| 520 | |a Český finančný trh obohatí nový poskytovateľ online obchodov s menovými derivátmi, spoločnosť Interbank FX z USA. Obchodovanie s cudzími menami. Expanzia mimo USA. Obchodovanie v reálnom čase. Finančné prostriedky a klienti devízových trhov. | ||
| 610 | 2 | 0 | |a Česko |
| 610 | 2 | 0 | |a USA |
| 610 | 2 | 0 | |a trh devízový |
| 610 | 2 | 0 | |a trh finančný medzinárodný |
| 610 | 2 | 0 | |a vzťahy devízovo-finančné |
| 610 | 2 | 0 | |a zhodnotenie meny |
| 610 | 2 | 0 | |a investície v zahraničí |
| 610 | 2 | 0 | |a likvidita medzinárodná |
| 610 | 2 | 0 | |a internet |
| 610 | 2 | 0 | |a spracovanie dát |
| 610 | 2 | 0 | |a klienti |
| 100 | 1 | |a Čurda, Pavel | |